000 01148nam a2200325 i 4500
003 DO-SdBNP
005 20251014145712.0
007 ta
008 251014b2018 pr ag||| |||| 00| 0 spa d
020 _a9789945609493
040 _aDO-SdBNP
_bspa
_cBNPHU
_erda
041 _aspa
082 4 _a851
_bD536u 2018
_222
100 1 _aDi Pietro, Giovanni,
_eautor
_4aut.
_9306
245 1 0 _aEn el umbral :
_b(Sulla soglia) /
_cGiovanni Di Pietro ; edición, Luis Beiro Álvarez ; corrección, Alex Ferreras
250 _aSegunda edición
264 4 _aSan Juan, Puerto Rico :
_bEditora Unicornio,
_c©2018.
300 _a135 páginas :
_bilustraciones, música ;
_c22 cm.
336 _atexto
_btxt
_2rdacontent
337 _asin mediación
_bn
_2rdamedia
338 _avolumen
_bnc
_2rdacarrier
500 _aTexto en español e italiano
590 _aInventariado, 2025/BT
650 4 _aPoesía italiana
_94554
650 4 _aLiteratura italiana
_93329
700 1 _aBeiro Álvarez, Luis,
_d1950-
_eeditor
_4ed.
_910201
700 1 _aFerreras, Alex,
_ecorrector
_4corrr.
_910205
910 _aBtavárez. Validado control de calidad/MAA
942 _2ddc
_cLBS1
999 _c59949
_d59949